Coin Collector Classics - Statistics

General Stats
  • This quiz has been taken 12 times
  • The average score is 14 of 27
Answer Stats
Picture Hint Answer % Correct
What type of nickel Buffalo Nickel
88%
What is his name? Franklin
88%
Rarest Standing Liberty Quarter Year? 1916
75%
What is this coin denomination and design referred to as? Indian Head
75%
What is this coin denomination and design referred to as? Morgan Dollar
75%
What is this coin denomination and design referred to as? Peace Dollar
75%
What type of Half Dollar? Seated Liberty
75%
What is this coin denomination and design referred to as? Walking Liberty
75%
Most sought after year 1856
63%
The Gem of Liberty Head Nickels, what year? 1913
63%
What's his abbreviation? IKE
63%
What type of Dime? Mercury Dime
63%
Rarest Year Wheat Penny 1909 S VDB
50%
What type of Quarter? Bicentennial Quarter
50%
What type of cent? Large Cent
50%
Who is she? What denomination? Sacagawea Dollar
50%
Lowest mintage Jefferson Nickel? 1950 D
38%
What type of Dime? Barber Dime
38%
What type of half dollar? Flowing Hair
38%
Who is he and what denomination? Roosevelt Dime
38%
Top notch rarest year 1933 Saint Gaudens
25%
What is this error called? Doubled Die
25%
What type of dime? Half Dime
25%
This penny is forbidden, and was an experiment 1974 aluminum cent
13%
What is this error called? Blank Planchet
13%
What is this error called? Overdate
13%
What is this error called? Abbreviation? RPM
13%
No matching quizzes found
Score Distribution
Percent of People with Each Score
Percentile by Number Answered
Your Score History
You have not taken this quiz